<?xml version="1.0" encoding="UTF-8"?>
<collection xmlns="http://www.loc.gov/MARC21/slim">
 <record>
  <leader>01927nam a22002657a 4500</leader>
  <controlfield tag="001">NCT_82866</controlfield>
  <controlfield tag="008">200724b        xxu||||| |||| 00| 0 vie d</controlfield>
  <datafield tag="999" ind1=" " ind2=" ">
   <subfield code="c">4078</subfield>
   <subfield code="d">4078</subfield>
  </datafield>
  <datafield tag="020" ind1=" " ind2=" ">
   <subfield code="a">9810243480</subfield>
  </datafield>
  <datafield tag="082" ind1="0" ind2="4">
   <subfield code="2">23rd ed.</subfield>
   <subfield code="a">539.7</subfield>
   <subfield code="b">R741</subfield>
  </datafield>
  <datafield tag="100" ind1="1" ind2=" ">
   <subfield code="a">Radousky, Harry B. </subfield>
  </datafield>
  <datafield tag="245" ind1="1" ind2="0">
   <subfield code="a">Magnetism in heavy fermion systems</subfield>
   <subfield code="c">Harry B. Radousky</subfield>
  </datafield>
  <datafield tag="260" ind1=" " ind2=" ">
   <subfield code="a">Singapore </subfield>
   <subfield code="b">World Scientific</subfield>
   <subfield code="c">2000</subfield>
  </datafield>
  <datafield tag="300" ind1=" " ind2=" ">
   <subfield code="a">vii, 383 p.</subfield>
   <subfield code="c">23cm </subfield>
  </datafield>
  <datafield tag="490" ind1="0" ind2=" ">
   <subfield code="a">Series in modern condensed matter physics </subfield>
   <subfield code="v">Vol. 11</subfield>
  </datafield>
  <datafield tag="504" ind1=" " ind2=" ">
   <subfield code="a">Includes bibliographies and index.</subfield>
  </datafield>
  <datafield tag="520" ind1="3" ind2=" ">
   <subfield code="a">This book is a review volume which covers an important subset of topics in the field of heavy fermion and non-Fermi liquid physics. It summarizes much of the experimental information in these areas, and includes an article which discusses theoretical interpretations of the complex magnetic behavior of heavy fermion systems. The topics covered include heavy fermion superconductivity, muon spin relaxation in small-moment heavy fermions, neutron scattering from heavy fermions, random localized magnetism in heavy fermions, and magnetism in Pr-containing cuprates.</subfield>
  </datafield>
  <datafield tag="653" ind1=" " ind2=" ">
   <subfield code="a">Cơ bản</subfield>
  </datafield>
  <datafield tag="942" ind1=" " ind2=" ">
   <subfield code="2">ddc</subfield>
   <subfield code="c">BK</subfield>
  </datafield>
  <datafield tag="952" ind1=" " ind2=" ">
   <subfield code="0">0</subfield>
   <subfield code="1">0</subfield>
   <subfield code="2">ddc</subfield>
   <subfield code="4">0</subfield>
   <subfield code="6">539_700000000000000_R741</subfield>
   <subfield code="7">0</subfield>
   <subfield code="9">20033</subfield>
   <subfield code="a">000001</subfield>
   <subfield code="b">000001</subfield>
   <subfield code="d">2020-07-24</subfield>
   <subfield code="o">539.7 R741</subfield>
   <subfield code="p">MD.17436</subfield>
   <subfield code="r">2020-07-24</subfield>
   <subfield code="w">2020-07-24</subfield>
   <subfield code="y">BK</subfield>
  </datafield>
  <datafield tag="952" ind1=" " ind2=" ">
   <subfield code="0">0</subfield>
   <subfield code="1">0</subfield>
   <subfield code="2">ddc</subfield>
   <subfield code="4">0</subfield>
   <subfield code="6">539_700000000000000_R741</subfield>
   <subfield code="7">0</subfield>
   <subfield code="9">20034</subfield>
   <subfield code="a">000001</subfield>
   <subfield code="b">000001</subfield>
   <subfield code="d">2020-07-24</subfield>
   <subfield code="o">539.7 R741</subfield>
   <subfield code="p">MD.17437</subfield>
   <subfield code="r">2020-07-24</subfield>
   <subfield code="w">2020-07-24</subfield>
   <subfield code="y">BK</subfield>
  </datafield>
  <datafield tag="952" ind1=" " ind2=" ">
   <subfield code="0">0</subfield>
   <subfield code="1">0</subfield>
   <subfield code="2">ddc</subfield>
   <subfield code="4">0</subfield>
   <subfield code="6">539_700000000000000_R741</subfield>
   <subfield code="7">0</subfield>
   <subfield code="9">20035</subfield>
   <subfield code="a">000001</subfield>
   <subfield code="b">000001</subfield>
   <subfield code="d">2020-07-24</subfield>
   <subfield code="o">539.7 R741</subfield>
   <subfield code="p">MD.17438</subfield>
   <subfield code="r">2020-07-24</subfield>
   <subfield code="w">2020-07-24</subfield>
   <subfield code="y">BK</subfield>
  </datafield>
  <datafield tag="952" ind1=" " ind2=" ">
   <subfield code="0">0</subfield>
   <subfield code="1">0</subfield>
   <subfield code="2">ddc</subfield>
   <subfield code="4">0</subfield>
   <subfield code="6">539_700000000000000_R741</subfield>
   <subfield code="7">0</subfield>
   <subfield code="9">20036</subfield>
   <subfield code="a">000001</subfield>
   <subfield code="b">000001</subfield>
   <subfield code="d">2020-07-24</subfield>
   <subfield code="o">539.7 R741</subfield>
   <subfield code="p">MD.17439</subfield>
   <subfield code="r">2020-07-24</subfield>
   <subfield code="w">2020-07-24</subfield>
   <subfield code="y">BK</subfield>
  </datafield>
  <datafield tag="952" ind1=" " ind2=" ">
   <subfield code="0">0</subfield>
   <subfield code="1">0</subfield>
   <subfield code="2">ddc</subfield>
   <subfield code="4">0</subfield>
   <subfield code="6">539_700000000000000_R741</subfield>
   <subfield code="7">0</subfield>
   <subfield code="9">20037</subfield>
   <subfield code="a">000001</subfield>
   <subfield code="b">000001</subfield>
   <subfield code="d">2020-07-24</subfield>
   <subfield code="o">539.7 R741</subfield>
   <subfield code="p">MD.17440</subfield>
   <subfield code="r">2020-07-24</subfield>
   <subfield code="w">2020-07-24</subfield>
   <subfield code="y">BK</subfield>
  </datafield>
  <datafield tag="980" ind1=" " ind2=" ">
   <subfield code="a">Thư viện Trường Đại học Nam Cần Thơ</subfield>
  </datafield>
 </record>
</collection>
